| 000 | 01331nam a2200337 a 4500 | ||
|---|---|---|---|
| 001 | ebr10577975 | ||
| 003 | CaPaEBR | ||
| 006 | m u | ||
| 007 | cr cn||||||||| | ||
| 008 | 120719s1997 onca sb 000 0 eng d | ||
| 020 | _z088629326X | ||
| 020 | _z9780886293260 | ||
| 020 | _z9780773584921 (e-book) | ||
| 040 |
_aCaPaEBR _cCaPaEBR |
||
| 035 | _a(OCoLC)770689881 | ||
| 043 | _an-cn--- | ||
| 050 | 1 | 4 |
_aHJ7663 _b.H69 1997eb |
| 245 | 0 | 0 |
_aHow Ottawa spends 1997-98 _h[electronic resource] : _bseeing red : a liberal report card / _cedited by Gene Swimmer. |
| 260 |
_a[Ottawa, Ont.?] : _bCarleton University Press, _c1997. |
||
| 300 |
_ax, 344 p. : _bill. |
||
| 490 | 1 |
_aCarleton public policy series ; _v#20 |
|
| 490 | 0 |
_aHow Ottawa spends, _x0822-6482 |
|
| 504 | _aIncludes bibliographical references. | ||
| 533 |
_aElectronic reproduction. _bPalo Alto, Calif. : _cebrary, _d2013. _nAvailable via World Wide Web. _nAccess may be limited to ebrary affiliated libraries. |
||
| 651 | 0 |
_aCanada _xAppropriations and expenditures. |
|
| 655 | 7 |
_aElectronic books. _2local |
|
| 700 | 1 | _aSwimmer, Gene. | |
| 710 | 2 | _aebrary, Inc. | |
| 830 | 0 |
_aCarleton public policy series ; _v#20. |
|
| 856 | 4 | 0 |
_uhttp://site.ebrary.com/lib/rucke/Doc?id=10577975 _zAn electronic book accessible through the World Wide Web; click to view |
| 999 |
_c86942 _d86942 |
||